000 01025nam a22003017a 4500
003 CHAP
005 20220329134807.0
008 971013s1975 r 00010 d
010 _a26014
011 _a26986
035 _a31087
040 _cCHAP
090 _aFolleto 11527
110 _aInternational Organization for Standardization
_959760
245 _aDocumentation
_b: ISO bibliographic filing rules (Internaitonal Standard Bibliographic Filing Rules) - Exemplification of bibliographic filing principles in amodel set of rules
260 _a(s.l.) :
_bThe Organization,
_c1975
300 _a26 h
490 _aISO/TR
_v; 8393
590 _aBATCH-UPD
_b10
_c20130110
_lUCH01
_h1957
590 _aBATCH-UPD
_b10
_c20130410
_lUCH01
_h1317
590 _aBATCH-UPD
_b10
_c20130914
_lUCH01
_h0614
590 _aCONVERSION
_b10
_c20130109
_lUCH01
_h1315
650 1 4 _aBibliografía.
_912194
830 0 _aISO/TR
_v; 8393
_960630
901 _aBK
942 _cFOLL
949 _aFolleto 11527
_bBC
_cB
_d-71992
_eB
_i31087
_mD
_si
999 _c26014
_d26014